Normal view MARC view
  • INCOMPRESSIBLE FLOW; NON-NEWTONIAN FLUIDS; VORTEX-MOTION

Entry Topical Term

Number of records used in: 1

001 - CONTROL NUMBER

  • control field: 60236

003 - CONTROL NUMBER IDENTIFIER

  • control field: NUST

005 - DATE AND TIME OF LATEST TRANSACTION

  • control field: 20210628202517.0

008 - FIXED-LENGTH DATA ELEMENTS

  • fixed length control field: 210628|| aca||aabn | a|a d

040 ## - CATALOGING SOURCE

  • Original cataloging agency: NUST
  • Transcribing agency: NUST

150 ## - HEADING--TOPICAL TERM

  • Topical term or geographic name entry element: INCOMPRESSIBLE FLOW; NON-NEWTONIAN FLUIDS; VORTEX-MOTION

670 ## - SOURCE DATA FOUND

  • Source citation: Work cat.: (NUST): Bertozzi, Andrea.L Majda, Andrew.J 60235, Vorticity and incompressible flow, 2001
© 2023 Central Library, National University of Sciences and Technology. All Rights Reserved.